| 000 | 01098cab a2200253 4500 | ||
|---|---|---|---|
| 001 | ABS37628 | ||
| 008 | 090401t1987 xxu||||| |||| 00| 0 eng d | ||
| 035 | _a(Sirsi) u5701 | ||
| 041 | _aeng | ||
| 100 | _aPowell-Smith, V. | ||
| 245 | _aConstruction law report | ||
| 260 | _c1987 | ||
| 350 | _a0 | ||
| 490 |
_aArchitects` Journal _v185(13) 1 April 1987, 59-60(2) |
||
| 520 | _aA discussion of points raised by the growing body of case law relevant to architects in practice in the construction industry. These include cases to do with an architect`s negligent supervision; the design liability of a design and build contractor; determination of contractor`s employment and limitation period cases. | ||
| 650 | _aBASILDON DC V JE LESSER PROPERTIES LTD | ||
| 650 | _aIMPERIAL COLLEGE OF SCIENCE AND TECHNOLOGY V NORMAN AND DAWBARN | ||
| 650 | _aJONES V STROUD DC | ||
| 650 | _aLONDON CONGREGATIONAL UNION INC V HARRISS AND HARRISS | ||
| 650 | _aSUPAMARL LTD V FEDERATED HOMES LTD | ||
| 690 | _aMANAGEMENT-BUSINESS MANAGEMENT-PROFESSIONAL PRACTICE | ||
| 942 | _n0 | ||
| 948 | _c04/03/1997 | ||
| 999 |
_c3400 _d3400 |
||